[Event "DSM WK M 2009"]
[Site "Karlsruhe GER"]
[Date "2009.05.16"]
[Round "3"]
[White "Woider, Stella"]
[Black "Bischoff, Marlene"]
[Result "1/2-1/2"]
[Termination "normal"]
[Board "3.4"]
[WhiteElo "762"]
[BlackElo "966"]
[WhiteTeam "Otto-Schott-Gymnasium Mainz-Gonsenheim"]
[BlackTeam "Schönborn-Gymnasium Bruchsal"]
[PlyCount "66"]
[EventCountry "GER"]
[EventRounds "7"]
[EventType "team-swiss"]
[EventDate "2009.05.15"]

1. e4 e6 2. Nc3 d5 3. exd5 exd5 4. d4 Nf6 5. Nf3 Nc6 6. Bg5 Be7 7. Bd3 Ng4 8.
Bf4 O-O 9. O-O Re8 10. h3 Nf6 11. Nb5 Bd6 12. Bg5 h6 13. Bh4 Qe7 14. Re1 Qd8
15. Rxe8+ Qxe8 16. Nxd6 cxd6 17. c3 Qe6 18. Nd2 Ne4 19. f3 Nxd2 20. Qxd2 Qe8
21. Qf4 Qf8 22. Qg3 Be6 23. Re1 Re8 24. Bb5 Kh8 25. Ba4 g5 26. Bxg5 hxg5 27.
Qxg5 Qg7 28. Qh4+ Kg8 29. Re3 Kf8 30. f4 Bf5 31. Rg3 Bg6 32. f5 Re1+ 33. Kf2
Re4 1/2-1/2

[Event "DSM WK M 2009"]
[Site "Karlsruhe GER"]
[Date "2009.05.16"]
[Round "3"]
[White "Kohm, Vanessa"]
[Black "Bajorski, Maria Sophie"]
[Result "1-0"]
[Termination "normal"]
[Board "4.1"]
[WhiteElo "1732"]
[BlackElo "1270"]
[WhiteTeam "Gymnasium Kenzingen"]
[BlackTeam "Marienschule Limburg"]
[PlyCount "77"]
[WhiteFideId "4674472"]
[BlackFideId "24654531"]
[EventCountry "GER"]
[EventRounds "7"]
[EventType "team-swiss"]
[EventDate "2009.05.15"]

1. d4 d5 2. c4 e6 3. Nf3 Nf6 4. Nc3 c6 5. e3 Bd6 6. Bd2 O-O 7. Qc2 Re8 8. Bd3
e5 9. cxd5 cxd5 10. dxe5 Bxe5 11. O-O Bc7 12. Nb5 Nc6 13. Rac1 Bg4 14. Nfd4
Nxd4 15. Nxd4 Rc8 16. Qa4 Qd6 17. g3 Ne4 18. Bb4 Qd8 19. f3 Bd7 20. Bb5 Nf6 21.
Rc3 Bxb5 22. Qxb5 b6 23. Rfc1 a5 24. Ba3 h6 25. Nc6 Qd7 26. Na7 Qxb5 27. Nxb5
d4 28. Rxc7 Rxc7 29. Nxc7 Rxe3 30. Kf2 g5 31. Rc6 Kg7 32. Bf8+ Kxf8 33. Rxf6
Re7 34. Nd5 Re5 35. Rd6 d3 36. Ne3 f5 37. Rxd3 f4 38. gxf4 gxf4 39. Nd5 1-0

[Event "DSM WK M 2009"]
[Site "Karlsruhe GER"]
[Date "2009.05.16"]
[Round "3"]
[White "Liez, Franziska"]
[Black "Hüglin, Larissa"]
[Result "1-0"]
[Termination "normal"]
[Board "4.2"]
[WhiteElo "1117"]
[BlackElo "1135"]
[WhiteTeam "Marienschule Limburg"]
[BlackTeam "Gymnasium Kenzingen"]
[PlyCount "79"]
[WhiteFideId "1271766"]
[BlackFideId "12911933"]
[EventCountry "GER"]
[EventRounds "7"]
[EventType "team-swiss"]
[EventDate "2009.05.15"]

1. e4 e5 2. Nf3 Nc6 3. Nc3 d6 4. Bb5 Bd7 5. d3 Be7 6. Be3 Nf6 7. d4 Nxd4 8.
Nxd4 exd4 9. Bxd4 c6 10. Bc4 O-O 11. Bxf6 Bxf6 12. Qxd6 Qe7 13. Qxe7 Bxe7 14.
O-O Bf6 15. Rad1 Bg4 16. f3 Be6 17. Bxe6 fxe6 18. Na4 b5 19. Nc5 Bxb2 20. Nxe6
Rfc8 21. Rfe1 Kf7 22. Ng5+ Kg6 23. f4 h6 24. Nf3 Kf7 25. e5 Re8 26. Rd6 c5 27.
Rb1 Ba3 28. Rxb5 c4 29. Rb7+ Re7 30. Rxe7+ Kxe7 31. Rc6 Rb8 32. Rxc4 a5 33. h4
Ke6 34. Kh2 Rf8 35. g4 g5 36. hxg5 hxg5 37. Nxg5+ Kd7 38. f5 Be7 39. Rd4+ Kc7
40. Ne6+ 1-0

[Event "DSM WK M 2009"]
[Site "Karlsruhe GER"]
[Date "2009.05.16"]
[Round "3"]
[White "Schulze, Tabea"]
[Black "Liez, Tatjana"]
[Result "1-0"]
[Termination "normal"]
[Board "4.3"]
[WhiteElo "1036"]
[BlackElo "885"]
[WhiteTeam "Gymnasium Kenzingen"]
[BlackTeam "Marienschule Limburg"]
[PlyCount "103"]
[BlackFideId "1271769"]
[EventCountry "GER"]
[EventRounds "7"]
[EventType "team-swiss"]
[EventDate "2009.05.15"]

1. e4 e5 2. Nf3 Nc6 3. Bc4 Nf6 4. Nc3 Nxe4 5. d3 Nxc3 6. bxc3 Bc5 7. O-O O-O 8.
Re1 d6 9. h3 Re8 10. Ng5 Rf8 11. Qf3 Qe7 12. Qg3 Be6 13. Bb3 Qf6 14. Ne4 Qe7
15. Bh6 f6 16. Bxe6+ Kh8 17. Bf5 gxh6 18. Rab1 Rg8 19. Qf3 b6 20. Qh5 Qg7 21.
Qf3 Rae8 22. Bg4 Ne7 23. Nxf6 Rgf8 24. Nxe8 Rxf3 25. Nxg7 Rxf2 26. Ne6 Rxc2+
27. Nxc5 bxc5 28. Rb7 Ng6 29. g3 Rxa2 30. Rxc7 Ra3 31. Bf5 Rxc3 32. Bxg6 hxg6
33. Rf1 Kg8 34. Rcf7 Rc1 35. Rxa7 Rxf1+ 36. Kxf1 d5 37. Ke2 c4 38. dxc4 dxc4
39. Kd2 e4 40. Ra3 Kf7 41. Ke3 Kf6 42. Kxe4 h5 43. Rc3 Kg5 44. Rxc4 h4 45.
gxh4+ Kxh4 46. Rc5 Kxh3 47. Kf4 Kh4 48. Rg5 Kh3 49. Rxg6 Kh2 50. Kf3 Kh1 51.
Kf2 Kh2 52. Rh6# 1-0

[Event "DSM WK M 2009"]
[Site "Karlsruhe GER"]
[Date "2009.05.16"]
[Round "3"]
[White "Heinz, Michelle"]
[Black "Zimmermann, Lara"]
[Result "1-0"]
[Termination "normal"]
[Board "4.4"]
[WhiteElo "800"]
[BlackElo "1006"]
[WhiteTeam "Marienschule Limburg"]
[BlackTeam "Gymnasium Kenzingen"]
[PlyCount "109"]
[WhiteFideId "1271782"]
[EventCountry "GER"]
[EventRounds "7"]
[EventType "team-swiss"]
[EventDate "2009.05.15"]

1. e4 e5 2. Nf3 Nc6 3. Nc3 Bc5 4. Bc4 Nf6 5. O-O d6 6. d3 Bg4 7. h3 Bh5 8. Be3
O-O 9. Nd5 h6 10. Rb1 a6 11. a3 b5 12. b4 Bd4 13. Nxf6+ Qxf6 14. Bd5 Rab8 15.
Bxc6 Rb6 16. Bd5 c6 17. Bb3 c5 18. Bd5 Re8 19. Bd2 Rbb8 20. c3 Bxc3 21. Bxc3
Rbc8 22. Bb7 Rc7 23. Bxa6 Rb8 24. bxc5 dxc5 25. Bxe5 Qxe5 26. Nxe5 Bxd1 27.
Rfxd1 f6 28. Ng4 b4 29. axb4 cxb4 30. e5 h5 31. Ne3 fxe5 32. Nd5 Rc6 33. Ne7+
Kf8 34. Nxc6 Rb6 35. Rxb4 Rxc6 36. Bc4 Rd6 37. Ra1 Ke7 38. Ra5 Kf6 39. Ra6 Ke7
40. Rb7+ Rd7 41. Re6+ Kd8 42. Rxd7+ Kxd7 43. Kh2 Kc7 44. Kg3 g5 45. h4 g4 46.
Rxe5 Kd6 47. Kf4 Kc6 48. Rd5 Kb6 49. Ke5 Kc6 50. Ke6 Kb6 51. Kd6 Kb7 52. Rc5
Kb6 53. Bd5 Ka6 54. Kc7 Ka7 55. Ra5# 1-0

[Event "DSM WK M 2009"]
[Site "Karlsruhe GER"]
[Date "2009.05.16"]
[Round "3"]
[White "Heinemann, Josefine"]
[Black "Franzenburg, Maria"]
[Result "0-1"]
[Termination "normal"]
[Board "5.1"]
[WhiteElo "1120"]
[BlackElo "1668"]
[WhiteTeam "Werner-von-Siemens-Gymnasium Magdeburg"]
[BlackTeam "Max-Planck-Schule Kiel"]
[PlyCount "126"]
[WhiteFideId "12900460"]
[BlackFideId "24667102"]
[EventCountry "GER"]
[EventRounds "7"]
[EventType "team-swiss"]
[EventDate "2009.05.15"]

1. e4 e6 2. d4 d5 3. e5 c5 4. c3 Qb6 5. b3 Nc6 6. Be3 cxd4 7. Bxd4 Nxd4 8. cxd4
Bb4+ 9. Nd2 Qxd4 10. Ngf3 Bxd2+ 11. Nxd2 Qxe5+ 12. Be2 Nf6 13. O-O O-O 14. Re1
Qc7 15. Rc1 Qb6 16. Rf1 Bd7 17. Nf3 Rac8 18. Rb1 Ne4 19. Ne5 Qd6 20. Qd4 Nc3
21. Rb2 Nxe2+ 22. Rxe2 Bb5 23. Nd3 Rc6 24. Rd2 Bxd3 25. Rxd3 Qc5 26. Qb2 Qc2
27. Qd4 Qxa2 28. Ra1 Qc2 29. h3 a6 30. b4 Qc4 31. Qxc4 Rxc4 32. Rb1 Rfc8 33. b5
Rc1+ 34. Rxc1 Rxc1+ 35. Kh2 Kf8 36. bxa6 bxa6 37. Ra3 Rc6 38. Kg3 Ke7 39. Kf4
f6 40. g4 g5+ 41. Kf3 Kd6 42. Ke2 e5 43. Ke3 Kc5 44. Ra1 Rb6 45. Rc1+ Kd6 46.
Rc8 Rb3+ 47. Ke2 Rxh3 48. Ra8 Ra3 49. Ra7 a5 50. Ra6+ Ke7 51. Ra7+ Ke6 52. Ra6+
Kf7 53. Ra7+ Kg6 54. Rd7 d4 55. Rd5 a4 56. Ra5 Ra1 57. Kd3 a3 58. Kc2 a2 59.
Kb2 Rf1 60. Kxa2 Rxf2+ 61. Kb3 e4 62. Rd5 d3 63. Kc3 d2 0-1

[Event "DSM WK M 2009"]
[Site "Karlsruhe GER"]
[Date "2009.05.16"]
[Round "3"]
[White "Knof, Henrike"]
[Black "Peschos, Celine"]
[Result "1-0"]
[Termination "normal"]
[Board "5.2"]
[WhiteElo "1362"]
[BlackElo "981"]
[WhiteTeam "Max-Planck-Schule Kiel"]
[BlackTeam "Werner-von-Siemens-Gymnasium Magdeburg"]
[PlyCount "57"]
[EventCountry "GER"]
[EventRounds "7"]
[EventType "team-swiss"]
[EventDate "2009.05.15"]

1. e4 e5 2. Nf3 Nc6 3. Bc4 h6 4. d4 Nxd4 5. Nxd4 exd4 6. Qxd4 c5 7. Qd5 Qe7 8.
Nc3 Nf6 9. Qd3 Qd6 10. Qxd6 Bxd6 11. f4 Bc7 12. e5 Ng4 13. h3 Ne3 14. Bxe3 d6
15. Nb5 Kd7 16. O-O-O a6 17. Nxc7 Kxc7 18. exd6+ Kd7 19. Bxc5 b5 20. Bxf7 Rf8
21. Bd5 Rb8 22. Rhf1 a5 23. f5 a4 24. Be6+ Kd8 25. Bxc8 Kxc8 26. d7+ Kd8 27.
Bxf8 b4 28. Rfe1 a3 29. Re8+ 1-0

[Event "DSM WK M 2009"]
[Site "Karlsruhe GER"]
[Date "2009.05.16"]
[Round "3"]
[White "Zander, Carolin"]
[Black "Schneckenburger, Johanna"]
[Result "1-0"]
[Termination "normal"]
[Board "5.3"]
[WhiteElo "800"]
[BlackElo "822"]
[WhiteTeam "Werner-von-Siemens-Gymnasium Magdeburg"]
[BlackTeam "Max-Planck-Schule Kiel"]
[PlyCount "153"]
[EventCountry "GER"]
[EventRounds "7"]
[EventType "team-swiss"]
[EventDate "2009.05.15"]

1. e4 e5 2. Nf3 Nc6 3. Bb5 a6 4. Bxc6 dxc6 5. d3 Bd6 6. Nc3 Nf6 7. Be3 Bg4 8.
h3 Bh5 9. Qe2 O-O 10. O-O-O Re8 11. g4 Bg6 12. h4 h6 13. h5 Bh7 14. Rhg1 Bb4
15. Qd2 Nd7 16. g5 hxg5 17. Nxg5 Nf6 18. Rg3 Nxh5 19. Rh3 Nf6 20. Rdh1 Kf8 21.
Nxh7+ Nxh7 22. Rxh7 Re6 23. Rh8+ Ke7 24. Rxd8 Rxd8 25. Bg5+ f6 26. Be3 c5 27.
f4 Rf8 28. fxe5 fxe5 29. Bg5+ Kd7 30. Rh7 Rf7 31. Qe1 Re8 32. Bd2 Ref8 33. Rh1
Rf2 34. Be3 Bxc3 35. Qxc3 R2f3 36. Qe1 g6 37. Rh7+ Ke8 38. Rh1 b6 39. Bh6 R8f7
40. Qe2 b5 41. Rg1 R3f6 42. Bg5 Rf2 43. Qe1 Kf8 44. Bh4 R2f3 45. Qe2 Kg7 46.
Rg2 b4 47. Rf2 R3f4 48. Bg3 R4f6 49. Rxf6 Rxf6 50. Bxe5 Kf7 51. Bxf6 Kxf6 52.
Qf2+ Ke6 53. Qf4 a5 54. Qf5+ gxf5 55. exf5+ Kxf5 56. Kd2 Ke5 57. c3 Kd5 58.
cxb4 cxb4 59. Kc2 c5 60. Kb3 Kc6 61. Ka4 Kb6 62. b3 Ka6 63. a3 bxa3 64. Kxa3
Kb5 65. Kb2 Kb4 66. Kc2 Kb5 67. Kc3 Kc6 68. Kc4 Kd6 69. Kb5 Kd5 70. Kxa5 Kd4
71. Kb5 Kxd3 72. Kxc5 Kc3 73. b4 Kb3 74. b5 Ka4 75. b6 Ka5 76. Kc6 Ka6 77. Kc7
1-0

[Event "DSM WK M 2009"]
[Site "Karlsruhe GER"]
[Date "2009.05.16"]
[Round "3"]
[White "Lentz, Christine"]
[Black "Walther, Laura"]
[Result "0-1"]
[Termination "normal"]
[Board "5.4"]
[WhiteElo "800"]
[BlackElo "800"]
[WhiteTeam "Max-Planck-Schule Kiel"]
[BlackTeam "Werner-von-Siemens-Gymnasium Magdeburg"]
[PlyCount "90"]
[EventCountry "GER"]
[EventRounds "7"]
[EventType "team-swiss"]
[EventDate "2009.05.15"]

1. e4 e5 2. Nf3 Nc6 3. Bb5 Nf6 4. Nc3 Bb4 5. O-O d6 6. Bxc6+ bxc6 7. a3 Bc5 8.
d3 Ng4 9. Be3 Bd4 10. Bxd4 exd4 11. Nxd4 Bd7 12. f3 Ne3 13. Qe1 Nxf1 14. Qxf1
O-O 15. b4 c5 16. Nde2 Rb8 17. Rb1 cxb4 18. axb4 c5 19. Na2 Be6 20. c4 a5 21.
b5 Qg5 22. Kf2 Qd2 23. Rd1 Qg5 24. Nac3 Qh4+ 25. Ke3 Qg5+ 26. Nf4 Qe5 27. Rc1
Qd4+ 28. Ke2 Bd7 29. Qe1 Qe5 30. Qg3 g6 31. Ncd5 Rfe8 32. Ke3 Qd4+ 33. Ke2 Qb2+
34. Kd1 Qb3+ 35. Kd2 a4 36. Nf6+ Kf8 37. Nxe8 Rxe8 38. Rc3 Qb2+ 39. Rc2 Qb4+
40. Kd1 a3 41. Nd5 Qb3 42. Qxd6+ Kg7 43. Qxd7 Rf8 44. Nf4 h5 45. Qd6 a2 0-1

[Event "DSM WK M 2009"]
[Site "Karlsruhe GER"]
[Date "2009.05.16"]
[Round "3"]
[White "Wendt, Anne"]
[Black "Steffens, Skrolan"]
[Result "0-1"]
[Termination "normal"]
[Board "6.1"]
[WhiteElo "800"]
[BlackElo "1195"]
[WhiteTeam "Albert-Einstein-Gymnasium Neubrandenburg"]
[BlackTeam "Athenaeum Stade"]
[PlyCount "70"]
[EventCountry "GER"]
[EventRounds "7"]
[EventType "team-swiss"]
[EventDate "2009.05.15"]

1. e4 g6 2. d4 Bg7 3. Nf3 d6 4. Bc4 a6 5. Be3 e6 6. Nc3 b5 7. Bb3 Bb7 8. d5
exd5 9. exd5 Nf6 10. Bg5 O-O 11. Qd4 Nbd7 12. O-O-O Re8 13. Rhe1 Rxe1 14. Rxe1
Qf8 15. Qh4 Re8 16. Ne4 Nxe4 17. Rxe4 Rxe4 18. Qxe4 Nc5 19. Qh4 Nxb3+ 20. axb3
Bxd5 21. Be7 Qe8 22. Ng5 Qxe7 23. Qxh7+ Kf8 24. Nf3 Bxf3 25. Kb1 Qe1+ 26. Ka2
Qc1 27. c3 b4 28. gxf3 bxc3 29. bxc3 Bxc3 30. Qh6+ Qxh6 31. Ka3 Qf4 32. h4 Qb4+
33. Ka2 c5 34. h5 c4 35. h6 Qxb3# 0-1

[Event "DSM WK M 2009"]
[Site "Karlsruhe GER"]
[Date "2009.05.16"]
[Round "3"]
[White "Lange, Anika"]
[Black "Zibell, Christine"]
[Result "1-0"]
[Termination "normal"]
[Board "6.2"]
[WhiteElo "1221"]
[BlackElo "794"]
[WhiteTeam "Athenaeum Stade"]
[BlackTeam "Albert-Einstein-Gymnasium Neubrandenburg"]
[PlyCount "85"]
[WhiteFideId "24693405"]
[EventCountry "GER"]
[EventRounds "7"]
[EventType "team-swiss"]
[EventDate "2009.05.15"]

1. e4 e5 2. f4 exf4 3. Nf3 c6 4. Bc4 d5 5. exd5 cxd5 6. Bb3 Nc6 7. d4 Bd6 8.
O-O Nf6 9. Nc3 Be6 10. Re1 O-O 11. Ne5 Ne7 12. Bxf4 Bf5 13. Qf3 Qa5 14. Bg5
Bxe5 15. dxe5 Qc5+ 16. Be3 d4 17. Na4 Qxe5 18. Bf4 Qb5 19. Rxe7 Qb4 20. Rxb7
Qa5 21. Bg5 Qe5 22. Rc7 Rae8 23. Rc5 Qe4 24. Rxf5 Re7 25. Bxf6 gxf6 26. Rxf6
Kg7 27. Rf4 Qe5 28. Qg4+ Kh8 29. Qf5 Qe3+ 30. Kf1 Qe2+ 31. Kg1 Rg8 32. Qf6+ Rg7
33. Rf2 Qe3 34. Qf4 Rg5 35. Qxe3 dxe3 36. Re2 f5 37. Rd1 f4 38. Rd8+ Kg7 39.
Rg8+ Kf6 40. c4 Rd7 41. c5 Rd1+ 42. Bxd1 Rd5 43. Re1 1-0

[Event "DSM WK M 2009"]
[Site "Karlsruhe GER"]
[Date "2009.05.16"]
[Round "3"]
[White "Parchmann, Wiebke"]
[Black "Lienau, Marei"]
[Result "0-1"]
[Termination "normal"]
[Board "6.3"]
[WhiteElo "800"]
[BlackElo "959"]
[WhiteTeam "Albert-Einstein-Gymnasium Neubrandenburg"]
[BlackTeam "Athenaeum Stade"]
[PlyCount "68"]
[EventCountry "GER"]
[EventRounds "7"]
[EventType "team-swiss"]
[EventDate "2009.05.15"]

1. e4 c5 2. Bc4 Nc6 3. Nf3 g6 4. Nc3 Bg7 5. O-O d6 6. d3 Nf6 7. Bf4 O-O 8. Qd2
Bg4 9. Rad1 Bxf3 10. Rde1 Bg4 11. h3 Bd7 12. e5 dxe5 13. Ne4 Nxe4 14. dxe4 Nd4
15. Bh6 Qb6 16. Re3 Bxh6 17. Qd3 Bxe3 18. Qxe3 Qxb2 19. Qg5 Qxc2 20. Bd5 e6 21.
Bxb7 Rab8 22. Ba6 Qxa2 23. Bd3 Ne2+ 24. Bxe2 Qxe2 25. Qxe5 Bb5 26. Qa1 Qxe4 27.
Qe1 Qc6 28. h4 Bxf1 29. Qxf1 Qd6 30. h5 Rb7 31. g3 Rfb8 32. Qh3 Rb1+ 33. Kg2
Qd5+ 34. Kh2 Rh1# 0-1

[Event "DSM WK M 2009"]
[Site "Karlsruhe GER"]
[Date "2009.05.16"]
[Round "3"]
[White "Wessel, Thea"]
[Black "Gold, Lisa"]
[Result "1-0"]
[Termination "normal"]
[Board "6.4"]
[WhiteElo "935"]
[BlackElo "800"]
[WhiteTeam "Athenaeum Stade"]
[BlackTeam "Albert-Einstein-Gymnasium Neubrandenburg"]
[PlyCount "103"]
[EventCountry "GER"]
[EventRounds "7"]
[EventType "team-swiss"]
[EventDate "2009.05.15"]

1. Nf3 Nc6 2. d4 d5 3. Bf4 Bf5 4. e3 Nf6 5. Nbd2 e6 6. c3 Bd6 7. Bxd6 Qxd6 8.
g3 O-O-O 9. Bg2 Rhe8 10. O-O e5 11. Ng5 Bd3 12. Nxf7 Qe7 13. Nxd8 Bxf1 14. Bxf1
Qxd8 15. Bb5 Rf8 16. Bxc6 bxc6 17. Qa4 Ne4 18. Nxe4 dxe4 19. Rd1 Qf6 20. Rd2
exd4 21. Qxd4 Qf3 22. Qxg7 Qf6 23. Qxf6 Rxf6 24. b4 Rd6 25. Rxd6 cxd6 26. a4
Kb7 27. Kg2 Kb6 28. f3 c5 29. fxe4 Kc6 30. h4 h5 31. Kf3 a6 32. g4 d5 33. exd5+
Kxd5 34. gxh5 Ke6 35. Kg4 Kf6 36. e4 cxb4 37. cxb4 Kg7 38. e5 Kf7 39. Kg5 Kg7
40. e6 Kf8 41. h6 a5 42. bxa5 Kg8 43. e7 Kf7 44. h7 Kxe7 45. h8=Q Kd6 46. Qg7
Kc5 47. a6 Kb4 48. a7 Kxa4 49. a8=Q+ Kb4 50. Qc7 Kb5 51. Qab8+ Ka6 52. Qca7#
1-0

[Event "DSM WK M 2009"]
[Site "Karlsruhe GER"]
[Date "2009.05.16"]
[Round "3"]
[White "Reyher, Susan"]
[Black "Kinzel, Tiffany"]
[Result "0-1"]
[Termination "normal"]
[Board "7.1"]
[WhiteElo "972"]
[BlackElo "1765"]
[WhiteTeam "Grundschule Pestalozzi Leegebruch"]
[BlackTeam "Staatliches Gymnasium Arnstadt"]
[PlyCount "138"]
[WhiteFideId "24686107"]
[BlackFideId "4633741"]
[EventCountry "GER"]
[EventRounds "7"]
[EventType "team-swiss"]
[EventDate "2009.05.15"]

1. e4 c5 2. Nf3 d6 3. Bc4 e6 4. d3 Nf6 5. Bg5 Be7 6. Nc3 Nc6 7. Bb5 Qc7 8. Qd2
O-O 9. O-O a6 10. Ba4 b5 11. Bb3 Bb7 12. Ne2 Na5 13. Ng3 Rfd8 14. Bh6 gxh6 15.
Qxh6 Ne8 16. Nh5 Nxb3 17. axb3 f6 18. Rfe1 Bf8 19. Nxf6+ Nxf6 20. Qxf6 Qf7 21.
Qh4 Be7 22. Qh6 Qg6 23. Qh3 Rf8 24. Re3 Rf4 25. Nd2 Qf7 26. Rg3+ Kh8 27. Nf3 c4
28. dxc4 bxc4 29. e5 Bxf3 30. gxf3 dxe5 31. Qh6 Rg8 32. Rxa6 Rf6 33. Qh3 cxb3
34. cxb3 Bc5 35. Kf1 Rxg3 36. Qxg3 Qb7 37. Ra1 Qxf3 38. Qxf3 Rxf3 39. Ra8+ Kg7
40. Ra5 Bd4 41. Kg2 Rxf2+ 42. Kg3 Rxb2 43. Ra6 Rxb3+ 44. Kg4 Kf6 45. Kh5 Rh3+
46. Kg4 Rxh2 47. Ra8 h5+ 48. Kf3 Rf2+ 49. Kg3 Rf4 50. Rf8+ Kg7 51. Re8 Kf7 52.
Rh8 h4+ 53. Kh3 e4 54. Rh7+ Kf6 55. Rh8 e3 56. Rf8+ Ke5 57. Rb8 e2 58. Rb1 Bc3
59. Kg2 e1=Q 60. Rxe1+ Bxe1 61. Kh3 Kf5 62. Kh2 Bg3+ 63. Kg2 Rf2+ 64. Kh1 h3
65. Kg1 h2+ 66. Kh1 Rf1+ 67. Kg2 h1=Q+ 68. Kxg3 Qf3+ 69. Kh2 Rh1# 0-1

[Event "DSM WK M 2009"]
[Site "Karlsruhe GER"]
[Date "2009.05.16"]
[Round "3"]
[White "Jünger, Theresa"]
[Black "Wolff, Marie Antoinette"]
[Result "1-0"]
[Termination "normal"]
[Board "7.2"]
[WhiteElo "1422"]
[BlackElo "708"]
[WhiteTeam "Staatliches Gymnasium Arnstadt"]
[BlackTeam "Grundschule Pestalozzi Leegebruch"]
[PlyCount "43"]
[BlackFideId "12908258"]
[EventCountry "GER"]
[EventRounds "7"]
[EventType "team-swiss"]
[EventDate "2009.05.15"]

1. d4 d6 2. e3 Nf6 3. Bd3 g6 4. f4 Bg7 5. Nf3 d5 6. O-O O-O 7. Nbd2 Bg4 8. c3
e6 9. Qe1 Bxf3 10. Rxf3 Nh5 11. Nf1 g5 12. fxg5 Qxg5 13. Ng3 Nf6 14. e4 Nbd7
15. Bxg5 Ne8 16. Nh5 f6 17. Bd2 c6 18. exd5 cxd5 19. Qxe6+ Kh8 20. Qxd7 Rg8 21.
Qf5 Nd6 22. Qxh7# 1-0

[Event "DSM WK M 2009"]
[Site "Karlsruhe GER"]
[Date "2009.05.16"]
[Round "3"]
[White "Sauer, Annika"]
[Black "Schätz, Bianca"]
[Result "0-1"]
[Termination "normal"]
[Board "7.3"]
[WhiteElo "722"]
[BlackElo "1458"]
[WhiteTeam "Grundschule Pestalozzi Leegebruch"]
[BlackTeam "Staatliches Gymnasium Arnstadt"]
[PlyCount "112"]
[WhiteFideId "12952052"]
[BlackFideId "24655821"]
[EventCountry "GER"]
[EventRounds "7"]
[EventType "team-swiss"]
[EventDate "2009.05.15"]

1. e4 c5 2. Nf3 Nc6 3. Nc3 e6 4. Bc4 g6 5. d3 Bg7 6. Bg5 Nge7 7. O-O O-O 8. Re1
a6 9. Nd5 exd5 10. exd5 Qc7 11. dxc6 Nxc6 12. Bd5 Ne5 13. Bf4 Nxf3+ 14. Qxf3 d6
15. Bg5 Be5 16. Bh6 Bg7 17. Bxg7 Kxg7 18. d4 cxd4 19. g4 Rb8 20. Qh3 Qd7 21.
Qd3 Qxg4+ 22. Kf1 Qh3+ 23. Bg2 Qxd3+ 24. cxd3 Bf5 25. Rad1 b5 26. Bd5 Rfe8 27.
Rxe8 Rxe8 28. Bc6 Re7 29. Bd5 Rc7 30. Re1 Bxd3+ 31. Kg1 Bc4 32. Be4 Re7 33. b3
Bd3 34. Bxd3 Rxe1+ 35. Kg2 Rd1 36. Be2 Rd2 37. Bg4 d3 38. Kf1 Rxa2 39. f4 Ra1+
40. Kf2 d2 41. f5 d1=Q 42. Bxd1 Rxd1 43. fxg6 fxg6 44. Ke2 Rd4 45. Ke3 Rb4 46.
Kd2 Rxb3 47. h4 Kf6 48. h5 Ke5 49. hxg6 hxg6 50. Kc2 Rh3 51. Kd2 Ke4 52. Ke2
Rh2+ 53. Kf1 Ke3 54. Kg1 Ra2 55. Kf1 Rb2 56. Ke1 Rb1# 0-1

[Event "DSM WK M 2009"]
[Site "Karlsruhe GER"]
[Date "2009.05.16"]
[Round "3"]
[White "Gregorzewski, Marie Sophie"]
[Black "Allonge, Mandy"]
[Result "1-0"]
[Termination "normal"]
[Board "7.4"]
[WhiteElo "1126"]
[BlackElo "800"]
[WhiteTeam "Staatliches Gymnasium Arnstadt"]
[BlackTeam "Grundschule Pestalozzi Leegebruch"]
[PlyCount "75"]
[EventCountry "GER"]
[EventRounds "7"]
[EventType "team-swiss"]
[EventDate "2009.05.15"]

1. d4 Nc6 2. e3 Nf6 3. f4 d5 4. Nf3 Bf5 5. c3 e6 6. Nbd2 Be7 7. Be2 Ng4 8. O-O
Qd7 9. Nb3 Be4 10. Ne5 Ngxe5 11. fxe5 O-O-O 12. Rxf7 g5 13. Bh5 Na5 14. Nxa5
Rde8 15. Bf3 Bg6 16. Rxe7 Rxe7 17. b4 h5 18. a4 g4 19. Be2 g3 20. h3 h4 21. Bd2
Rf8 22. Nb3 Ref7 23. Nc5 Rf2 24. Nxd7 Kxd7 25. b5 Be4 26. Bf1 b6 27. Qg4 Rxf1+
28. Rxf1 Rxf1+ 29. Kxf1 Bd3+ 30. Ke1 c5 31. bxc6+ Kxc6 32. Qxe6+ Kb7 33. Qxd5+
Kc7 34. e6 a6 35. e7 b5 36. axb5 a5 37. e8=Q a4 38. Qed8# 1-0

[Event "DSM WK M 2009"]
[Site "Karlsruhe GER"]
[Date "2009.05.16"]
[Round "3"]
[White "Hillmer, Nicole"]
[Black "Hoffmann, Hanna Dorina"]
[Result "0-1"]
[Termination "normal"]
[Board "8.1"]
[WhiteElo "800"]
[BlackElo "1398"]
[WhiteTeam "Gymnasium Neureut"]
[BlackTeam "Mallinckrodt-Gymnasium Dortmund"]
[PlyCount "70"]
[BlackFideId "12909858"]
[EventCountry "GER"]
[EventRounds "7"]
[EventType "team-swiss"]
[EventDate "2009.05.15"]

1. e4 c5 2. Bc4 d6 3. Nf3 Nf6 4. Nc3 g6 5. h3 Bg7 6. d4 cxd4 7. Qxd4 Nc6 8. Qd3
O-O 9. O-O Bd7 10. Nd5 Nxd5 11. Qxd5 Be6 12. Qb5 a6 13. Qb3 Na5 14. Bxe6 Nxb3
15. Bxb3 Rc8 16. c3 b5 17. Bf4 Qb6 18. Be3 Qb7 19. Bd5 Qb8 20. Rfe1 b4 21. Bd4
Bxd4 22. cxd4 Rc2 23. b3 Qb6 24. e5 dxe5 25. Rxe5 e6 26. Be4 Re2 27. Bd3 Rxe5
28. dxe5 Rd8 29. Bc4 a5 30. a4 bxa3 31. Rxa3 Rd1+ 32. Kh2 Qxf2 33. h4 Rb1 34.
b4 Rb2 35. Ra2 Qxg2# 0-1

[Event "DSM WK M 2009"]
[Site "Karlsruhe GER"]
[Date "2009.05.16"]
[Round "3"]
[White "Demetrescu, Alice"]
[Black "Schweiger, Yasmin"]
[Result "1-0"]
[Termination "normal"]
[Board "8.2"]
[WhiteElo "800"]
[BlackElo "804"]
[WhiteTeam "Mallinckrodt-Gymnasium Dortmund"]
[BlackTeam "Gymnasium Neureut"]
[PlyCount "123"]
[EventCountry "GER"]
[EventRounds "7"]
[EventType "team-swiss"]
[EventDate "2009.05.15"]

1. d4 d5 2. c4 c6 3. Nc3 Nf6 4. Bg5 Bf5 5. e3 e6 6. cxd5 cxd5 7. Bb5+ Nc6 8.
Nf3 Be7 9. Ne5 Qc7 10. O-O O-O 11. Rc1 a6 12. Be2 Nxe5 13. dxe5 Ne8 14. Bf4 Qd7
15. Na4 Rb8 16. f3 Bg6 17. e4 Rd8 18. Nb6 Qc6 19. Rxc6 bxc6 20. exd5 exd5 21.
Be3 Nc7 22. g4 c5 23. Bf2 f6 24. exf6 Rxf6 25. Bh4 Re6 26. Bxe7 Rxe7 27. h4 Bf7
28. h5 Re6 29. Na4 c4 30. b3 Re5 31. bxc4 Ree8 32. c5 Re6 33. Qc2 d4 34. Bd3 g6
35. Qd2 Be8 36. Bc4 Nd5 37. Re1 Rxe1+ 38. Qxe1 Bf7 39. Bxd5 Bxd5 40. hxg6 hxg6
41. Qe7 Rf8 42. c6 Rc8 43. Nb6 Rxc6 44. Nxd5 Rc1+ 45. Kg2 Rc2+ 46. Kg3 Rc6 47.
Nf6+ Rxf6 48. Qxf6 d3 49. Qd6 g5 50. Qxd3 a5 51. Qd5+ Kg7 52. Qxg5+ Kf7 53. Qh6
Ke7 54. Kf4 Kd7 55. Qf6 Kc7 56. Ke5 Kd7 57. Qd6+ Kc8 58. Ke6 Kb7 59. Kd7 Ka8
60. Qc6+ Ka7 61. Kc7 a4 62. Qb7# 1-0

[Event "DSM WK M 2009"]
[Site "Karlsruhe GER"]
[Date "2009.05.16"]
[Round "3"]
[White "Rottler, Corinna"]
[Black "Vollmer, Dorothee"]
[Result "1-0"]
[Termination "normal"]
[Board "8.3"]
[WhiteElo "800"]
[BlackElo "800"]
[WhiteTeam "Gymnasium Neureut"]
[BlackTeam "Mallinckrodt-Gymnasium Dortmund"]
[PlyCount "61"]
[EventCountry "GER"]
[EventRounds "7"]
[EventType "team-swiss"]
[EventDate "2009.05.15"]

1. e4 e5 2. Bc4 Bb4 3. Nf3 Nf6 4. Nxe5 Nxe4 5. Nxf7 Nd6 6. Nxd8 Nxc4 7. Qe2+
Be7 8. Qxc4 Rf8 9. O-O d6 10. Ne6 Bxe6 11. Qxe6 Rf6 12. Qb3 Nc6 13. Nc3 O-O-O
14. d3 Rf7 15. Qxf7 Rf8 16. Qxg7 h5 17. Bg5 Rd8 18. Bxe7 Nxe7 19. Qxe7 b6 20.
Nb5 a6 21. Na7+ Kb7 22. Qxd8 a5 23. Nb5 Kc6 24. Nxc7 a4 25. Rae1 Kc5 26. Re4 b5
27. b3 Kb6 28. bxa4 bxa4 29. Qxd6+ Ka7 30. Rb1 h4 31. Rxa4# 1-0